| 000 | 00353nam a22000977a 4500 | ||
|---|---|---|---|
| 999 |
_c10944 _d10944 |
||
| 008 | 180412b ||||| |||| 00| 0 eng d | ||
| 020 | _a9788182965331 | ||
| 100 |
_aDey, Dilip Kumar _96748 |
||
| 245 |
_aUnderstanding Information Technology - VI _bWindows 7 and MS Office 2010 with ubdates on MS Office 2013 |
||
| 260 |
_aNew Delhi _bArya Publishing Company _c2016 |
||